000 00300nam a2200133 i 4500
001 bg
100 1 _aSUTOR, J.
245 0 _aRuch państw niezaangażowanych /
_cJ. Sutor.
260 _aWarszawa,
_c1984.
040 _cBPK
041 _apol
942 _cKS
008 s pl f |000 0 pol
999 _c1262
_d1262
856 _uhttp://koha.tu.koszalin.pl/cgi-bin/koha/opac-detail.pl?biblionumber=1262
_yKatalog online BPK